| 000 | 00944cam a22002773a 4500 | ||
|---|---|---|---|
| 001 | 6093 | ||
| 003 | PGUSA | ||
| 005 | 20140828083128.0 | ||
| 008 | 040701s2004||||xxu|||||s|||||000 | eng d | ||
| 040 |
_aPGUSA _beng |
||
| 042 | _adc | ||
| 050 | 4 | _aQL | |
| 050 | 4 | _aPR | |
| 100 | 1 |
_aHudson, W. H. _q(William Henry), _d1841-1922 |
|
| 245 | 1 | 0 |
_aFar Away and Long Ago : _bA History of My Early Life _h[electronic resource] / _cW. H. Hudson |
| 260 |
_bProject Gutenberg, _c2004 |
||
| 506 | _aPublic domain in the USA. | ||
| 516 | _aElectronic text | ||
| 653 | _aAuthors, English -- 20th century -- Biography | ||
| 653 | _aHudson, W. H. (William Henry), 1841-1922 -- Homes and haunts -- Argentina | ||
| 653 | _aHudson, W. H. (William Henry), 1841-1922 -- Childhood and youth | ||
| 653 | _aPampas (Argentina) -- Description and travel | ||
| 830 | 0 |
_aProject Gutenberg _v6093 |
|
| 856 | 4 | 0 | _uhttp://www.gutenberg.org/ebooks/6093 |
| 942 | _cEB | ||
| 999 |
_c235421 _d235421 |
||